000 00909cab a2200193 4500
001 L138622
008 070228s2007 d s 000 0 eng u
035 _a(Sirsi) u138622
041 0 _aeng
100 1 _aShirley, Andrew
245 0 4 _aThe land market 2006
_bthe last six months
260 _c2007
490 0 0 _aFarmland Market
_v(67) Autumn 2007, 4-5(2)
520 _aLooks at the land market in Great Britain in the first six months of 2006. Reports that the land market's slight recovery of volume in the first half of 2006 has been enough to reach expectations. Land prices continued to rise as the supply of farms to the market remained tight. Covers arable farming, the livestock and residential markets, and overseas buyers. Includes a regional round-up.
590 _aKA
651 4 _aUnited Kingdom
_y
690 _aPROPERTY-RURAL AND NATURAL ASSETS-RURAL AND NATURAL ASSET MARKET
942 _n0
999 _c78929
_d78929